Shetland Islands Map - Statistics

General Stats
  • This quiz has been taken 222 times
  • The average score is 16 of 35
Answers on the Map
Answers color-coded by a green-red scale on the quiz's map according to % correct below.
 
Answer Stats
Answers % Correct
Mainland
92%
Yell
87%
Unst
85%
{Fair} Isle
78%
Fetlar
71%
Bressay
67%
Foula
65%
Whalsay
61%
East {Burra}
59%
Papa {Stour}
59%
West {Burra}
59%
Mousa
49%
Papa
49%
Noss
47%
Trondra
45%
Muckle Roe
44%
Vaila
39%
Vementry
38%
{Uyea}, Northmavine
37%
{Uyea}, {Unst}
37%
{Linga}, Bluemull Sound
36%
{Linga}, {Muckle} {Roe}
36%
West {Linga}
36%
Hildasay
34%
Papa {Little}
31%
Balta
29%
{Brother} Isle
29%
Bruray
29%
Oxna
29%
Hascosay
28%
South {Havra}
28%
Bigga
25%
Housay
25%
Lamba
24%
Samphrey
23%
No matching quizzes found
Score Distribution
Percent of People with Each Score
Percentile by Number Answered
Your Score History
You have not taken this quiz